Reminiscences of Swami Vivekananda Vol.1/ (Record no. 199801)

MARC details
000 -LEADER
fixed length control field 00646nam a22001937a 4500
005 - DATE AND TIME OF LATEST TRANSACTION
control field 20231226114029.0
010 ## - LCCN (DPL NO)
LC control number ENG-138766
020 ## - INTERNATIONAL STANDARD BOOK NUMBER
International Standard Book Number 9789380887562
Terms of availability 1250.00
035 ## - SYSTEM CONTROL NUMBER
System control number EN-122298
037 ## - SOURCE OF ACQUISITION
Source of stock number/acquisition DBAD/PUB
082 ## - DEWEY DECIMAL CLASSIFICATION NUMBER
Classification number 294.5092
100 ## - MAIN ENTRY--PERSONAL NAME
Personal name Yogendra
245 ## - TITLE STATEMENT
Title Reminiscences of Swami Vivekananda Vol.1/
Statement of responsibility, etc BY Yogendra
260 ## - PUBLICATION, DISTRIBUTION, ETC. (IMPRINT)
Date of publication, distribution, etc 2022
Name of publisher, distributor, etc Juggernaut Publications
270 ## - ADDRESS
Address F-3/16,Ansari Road, Darya Ganj,
City NEW DELHI
Postal code 110002
Telephone number 9310122101
Electronic mail address juggernautpub@gmail.com
300 ## - PHYSICAL DESCRIPTION
Dimensions 23cm(hbk)
Extent 248p.
500 ## - GENERAL NOTE
General note Includes bibliographical references and index
942 ## - ADDED ENTRY ELEMENTS (KOHA)
Item type English Books
Source of classification or shelving scheme Dewey Decimal Classification
Call number suffix YOG
Classification part 294.5092
Edition FIRST
Holdings
Withdrawn status Lost status Not for loan Collection code Home library Current library Date acquired Source of acquisition Cost, normal purchase price Full call number Barcode Copy number Cost, replacement price Koha item type
      Non-fiction Ashok Vihar Ashok Vihar 26/12/2023 DBAD/PUB 1250.00 294.5092 YOG EN-122298 1 1250.00 English Books

© Delhi Public Library
Hit Counter
free hit counter